มุมมองปกติ
มุมมองแบบ MARC
- Dunham, Roger G.
รายการ Personal Name
001 - CONTROL NUMBER
- control field: 38012
003 - CONTROL NUMBER IDENTIFIER
- control field: NALT
005 - DATE AND TIME OF LATEST TRANSACTION
- control field: 20190325110313.0
008 - FIXED-LENGTH DATA ELEMENTS
- fixed length control field: 190325|| aca||aabn | a|a d
040 ## - CATALOGING SOURCE
- Original cataloging agency: NALT
100 ## - HEADING--PERSONAL NAME
- Personal name: Dunham, Roger G.
